| 000 | 00506nam a2200205Ia 4500 | ||
|---|---|---|---|
| 005 | 20240823044941.0 | ||
| 008 | 240823s9999||||xx |||||||||||||| ||und|| | ||
| 020 | _a81-259-1449-8 | ||
| 041 | _aENGLISH | ||
| 082 | _A658.8 P3 | ||
| 100 | _aSanjaya S Gaur | ||
| 245 | 0 | _aEvent Marketing and Management | |
| 250 | _a1st | ||
| 260 |
_c2003 _b"Vikas Pub.,New " _aNew Delhi |
||
| 500 | _aYES | ||
| 650 |
_aMarketing _bManagement Studies |
||
| 700 | _a Sanjay V Saggere | ||
| 942 | _cBK | ||
| 999 |
_c213817 _d213817 |
||